000 00586nmm a2200169Ia 4500
008 251105s9999||||xx |||||||||||||||||und||
020 _a9788484896852
041 _aspa
100 _aKügelgen, Helga von (ed.)
245 0 _aProfecía y triunfo: la casa del Deán Tomás de la Plaza :
_b facetas plurivalentes
264 _a[Madrid, España] :
_bIberoamericana Vervuert,
_c2013
300 _a496 páginas
490 _aTeci, textos y estudios coloniales y de la independencia
650 _aArts in general
856 _uhttps://public.digitaliapublishing.com/a/56882
942 _cCF
999 _c86743
_d86743